Statistics for Encanto Songs

Click here to take the quiz!

General Stats

  • This quiz has been taken 13 times
  • The average score is 5 of 7

Answer Stats

HintAnswer% Correct
Everyone sings this songWe Don't Talk About Bruno
100%
Louisa sings this songSurface Pressure
73%
Mirabel sings this songWaiting On A Miracle
73%
Isabella sings this songWhat Else Can I Do?
73%
Mirabel and the kids sing this songThe Family Madrigal
64%
The abuela sings this songAll Of You
45%
This song means 2 little caterpillarsDos Oruguitas
45%

Score Distribution

Percentile by Number Answered

Percent of People with Each Score

Your Score History

You have not taken this quiz